| 000 | 01235nam a2200337Ia 4500 | ||
|---|---|---|---|
| 001 | ebr10325840 | ||
| 003 | CaPaEBR | ||
| 006 | m u | ||
| 007 | cr cn||||||||| | ||
| 008 | 090707s2009 inua s 001 0 eng d | ||
| 020 | _z0470496703 (pbk.) | ||
| 020 | _z9780470496701 (pbk.) | ||
| 040 |
_aCaPaEBR _cCaPaEBR |
||
| 035 | _a(OCoLC)458603330 | ||
| 050 | 1 | 4 |
_aTK5105.888 _b.S37 2009eb |
| 100 | 1 | _aSaray, Aaron. | |
| 245 | 1 | 0 |
_aProfessional PHP design patterns _h[electronic resource] / _cAaron Saray. |
| 260 |
_aIndianapolis, IN : _bWiley, _cc2009. |
||
| 300 |
_axxv, 255 p. : _bill. |
||
| 490 | 1 | _aWrox professional guides | |
| 500 | _aIncludes index. | ||
| 533 |
_aElectronic reproduction. _bPalo Alto, Calif. : _cebrary, _d2011. _nAvailable via World Wide Web. _nAccess may be limited to ebrary affiliated libraries. |
||
| 650 | 0 | _aPHP (Computer program language) | |
| 650 | 0 | _aSoftware patterns. | |
| 650 | 0 | _aWeb site development. | |
| 650 | 0 |
_aWeb sites _xDesign. |
|
| 655 | 7 |
_aElectronic books. _2local |
|
| 710 | 2 | _aebrary, Inc. | |
| 830 | 0 | _aWrox professional guides. | |
| 856 | 4 | 0 |
_uhttp://site.ebrary.com/lib/rucke/Doc?id=10325840 _zAn electronic book accessible through the World Wide Web; click to view |
| 999 |
_c54158 _d54158 |
||